| 000 | 00433nam a2200181Ia 4500 | ||
|---|---|---|---|
| 001 | 18663 | ||
| 005 | 20260306171647.0 | ||
| 008 | 260306s9999||||xx |||||||||||||| ||und|| | ||
| 041 | _aESP | ||
| 082 |
_a658.421 _bH76 |
||
| 100 |
_aHornell Erik _eAUT |
||
| 245 | 0 | _aLa competitividad a través de la productividad | |
| 260 | _c1994 | ||
| 300 |
_a333 páginas : _c |
||
| 650 | _aGEN | ||
| 654 | _aCAN | ||
| 942 |
_cLIB _dJUS _fJUS _2ddc _n |
||
| 999 |
_c18663 _d18663 |
||